00461nam a22001697a 450000500170000001000150001702000260003203500140005803700130007208200140008510000160009924500460011526000310016127000560019230000210024850000220026920180821114431.0 aENG-123839 a9789383962013c300.00 aEN-107371 bDBAD/PUB a363.20954 aSen, Sankar aPolicing in 21st century /cby Sankar Sen c2014aDelhibAnuugya Books bDelhia1/10206, West Gorakh Park, Shahdara,e110032 a132p.c21cm.(Hb) aIt includes index